MARC

LEADER 00000nam0a2200000 4500
001 294586
005 20231102000721.0
035 |a (RuTPU)RU\TPU\book\319659 
090 |a 294586 
100 |a 20150514d1968 k y0rusy50 ca 
101 0 |a rus 
102 |a UA 
105 |a a z 001zy 
200 1 |a Энтропийные диаграммы продуктов сгорания (до 4000 градусов К)  |f Л. К. Гаркуша, Г. М. Щеголев  |g Академия наук Украинской ССР (АН УССР), Институт технической теплофизики (ИТТФ) 
210 |a Киев  |c Наукова думка  |d 1968 
215 |a 36 с.  |c ил. 
320 |a Библиография в конце книги. 
606 1 |a Продукты сгорания,газообразные  |2 stltpush  |3 (RuTPU)RU\TPU\subj\33085  |9 55422 
610 1 |a химический состав 
610 1 |a термодинамические функции 
610 1 |a значение 
610 1 |a данные 
610 1 |a диаграммы 
610 1 |a таблицы 
610 1 |a описание 
610 1 |a альбомы 
675 |a 662.613  |v 3 
700 1 |a Гаркуша  |b Л. К. 
701 1 |a Щеголев  |b Г. М. 
712 0 2 |a Академия наук Украинской ССР (АН УССР)  |b Институт технической теплофизики (ИТТФ)  |c (Киев)  |2 stltpush  |3 (RuTPU)RU\TPU\col\1122 
801 1 |a RU  |b 63413507  |c 20150514 
801 2 |a RU  |b 63413507  |c 20180522  |g RCR 
942 |c BK